Einführung in die mathematische Logik
Gespeichert in:
| Format: | Buch |
|---|---|
| Sprache: | Deutsch |
| Veröffentlicht: |
Leipzig
Teubner
1982
|
| Ausgabe: | 6. völlig. neubearb. Aufl. |
| Schriftenreihe: | Mathematisch-Naturwissenschaftliche Bibliothek
Bd. 18 |
| Tags: |
Keine Tags, Fügen Sie das erste Tag hinzu!
|
MARC
| LEADER | 00000nam a2200000 4500 | ||
|---|---|---|---|
| 001 | c135180 | ||
| 005 | 20260129133821.7 | ||
| 041 | 0 | |a ger | |
| 044 | |a DE | ||
| 245 | 1 | 0 | |a Einführung in die mathematische Logik |c Günter Asser |
| 250 | |a 6. völlig. neubearb. Aufl. | ||
| 264 | 1 | |a Leipzig |b Teubner |c 1982 | |
| 300 | |a 190 s. | ||
| 490 | 1 | |a Mathematisch-Naturwissenschaftliche Bibliothek |v Bd. 18 | |
| 830 | 0 | |a Mathematisch-Naturwissenschaftliche Bibliothek |v Bd. 18 | |